000 00435nam a22001697a 4500
003 SGT
020 _a9780367743556
082 _a796.06
_bR23N
100 _aNARAINE, MICHAEL L.
245 _aTHE ROUTLEDGE HB. OF DIGITAL SPORT MANAGEMENT
250 _a1ST
260 _aNEW YORK
_bROUTLEDGE PUB
_c2023
300 _a407
650 _aSPORT SCIENCE
653 _aTHE ROUTLEDGE HB. OF DIGITAL SPORT MANAGEMENT
942 _2ddc
_cBK
999 _c33169
_d33169